| 000 | 00468nam a22001577a 4500 | ||
|---|---|---|---|
| 003 | NUST | ||
| 038 | _asaima | ||
| 082 |
_a004 _bMCS |
||
| 100 |
_aShah, Syed Usman Ali _935149 |
||
| 245 | _aCyber Security Sensitization: A Case Study of Adolescents in Pakistan / | ||
| 260 |
_aIslamabad : _bMCS - NUST, _c2017 |
||
| 300 |
_a75 p. ; _c30cm. |
||
| 650 |
_aInformation Security-Cyber Security Sensitization _935150 |
||
| 700 |
_aDr. Baber Aslam _916377 |
||
| 942 |
_2ddc _cTHE |
||
| 999 |
_c540879 _d540879 |
||